Cat Breed to Country - Statistics

General Stats
  • This quiz has been taken 109 times
    108 since last reset
  • The average score is 8 of 21
Answer Stats
Breed Country % Correct
Turkish van Turkey
93%
Thai Thailand
91%
Norwegian forest cat Norway
87%
Singapura Singapore
86%
Maine coon United States
74%
Siamese Thailand
73%
Cornish rex United Kingdom
67%
Aegean Greece
64%
York chocolate United States
48%
Serrade petit France
29%
Highlander United States
24%
Aphrodite giant Cyprus
18%
Peterbald Russia
18%
Oriental bicolour Thailand
12%
Burmilla United Kingdom
9%
Ojos azules United States
7%
Asian semi-longhair United Kingdom
5%
Kanaani Germany
4%
Foldex Canada
3%
Havana brown Thailand
3%
Raas Indonesia
2%
No matching quizzes found
Score Distribution
Percent of People with Each Score
Percentile by Number Answered
Your Score History
You have not taken this quiz since the last reset